00581nam a22001697a 450000500170000001000130001702000250003003500130005503700240006808200060009210000250009824500830012326000300020627001150023630000240035149000360037520120103142216.0 aB-444641 a9788179639801c55.00 aB-444641 bBlue Berry/VenaDPL aS aDoyle, Arthur Conan  aThe memoris of sherlock holmes :cby Arthur Conan Doyle bthe final problem / aMumbaibShree Book Centre a8 Kakod Industrial Estate-5. Keer Road(Off.L.J.Road) Matunga WestbMumbaie400016msales @shreebookcentre.com aunpaged.c27cm(pbk) aThe illustrated sherlock holmes